[Event "DVM U20 2017"]
[Site "Düsseldorf GER"]
[Date "2017.12.29"]
[Round "5"]
[White "Ehmann, Johanna"]
[Black "Arndt, Magnus"]
[Result "0-1"]
[Termination "normal"]
[Board "1.5"]
[WhiteElo "1819"]
[BlackElo "2062"]
[WhiteClock "00:31:11"]
[BlackClock "00:14:32"]
[WhiteTeam "SF Sasbach"]
[BlackTeam "SK Doppelbauer Kiel"]
[PlyCount "68"]
[WhiteFideId "12953130"]
[BlackFideId "12998656"]
[EventCountry "GER"]
[EventRounds "7"]
[EventType "team-swiss"]
[EventDate "2017.12.26"]

1. e4 {[%clk 1:30:58]} e5 {[%clk 1:30:59]} 2. Nf3 {[%clk 1:31:17]} Nc6 {[%clk
1:31:27]} 3. d4 {[%clk 1:31:34]} exd4 {[%clk 1:31:54]} 4. Bc4 {[%clk 1:31:51]}
Nf6 {[%clk 1:32:18]} 5. e5 {[%clk 1:32:07]} d5 {[%clk 1:32:44]} 6. Bb5 {[%clk
1:32:26]} Ne4 {[%clk 1:33:07]} 7. Nxd4 {[%clk 1:32:44]} Bd7 {[%clk 1:33:30]} 8.
Bxc6 {[%clk 1:33:01]} bxc6 {[%clk 1:33:58]} 9. O-O {[%clk 1:33:14]} Bc5 {[%clk
1:34:17]} 10. f3 {[%clk 1:33:30]} Ng5 {[%clk 1:34:45]} 11. f4 {[%clk 1:33:41]}
Ne4 {[%clk 1:35:10]} 12. Be3 {[%clk 1:33:55]} Bb6 {[%clk 1:35:12]} 13. Nd2
{[%clk 1:33:29]} Nxd2 {[%clk 1:32:57]} 14. Qxd2 {[%clk 1:33:35]} c5 {[%clk
1:33:16]} 15. Ne2 {[%clk 1:28:32]} d4 {[%clk 1:26:18]} 16. Bf2 {[%clk 1:28:44]}
O-O {[%clk 1:23:09]} 17. a4 {[%clk 1:26:17]} a5 {[%clk 1:17:19]} 18. Ng3 {[%clk
1:20:56]} Bc6 {[%clk 0:57:46]} 19. Nh5 {[%clk 1:09:53]} Qd5 {[%clk 0:42:25]}
20. Bh4 {[%clk 1:07:33]} c4 {[%clk 0:34:30]} 21. Kh1 {[%clk 1:05:53]} d3 {[%clk
0:31:03]} 22. Rf3 {[%clk 0:58:06]} Qxf3 {[%clk 0:31:04]} 23. gxf3 {[%clk
0:57:19]} Bxf3+ {[%clk 0:31:30]} 24. Qg2 {[%clk 0:57:30]} Bxg2+ {[%clk
0:31:56]} 25. Kxg2 {[%clk 0:57:55]} Bd4 {[%clk 0:22:11]} 26. c3 {[%clk
0:46:11]} Bc5 {[%clk 0:19:43]} 27. Rd1 {[%clk 0:40:18]} Rab8 {[%clk 0:19:53]}
28. b4 {[%clk 0:39:25]} axb4 {[%clk 0:19:24]} 29. cxb4 {[%clk 0:38:55]} Rxb4
{[%clk 0:19:12]} 30. Kh3 {[%clk 0:33:30]} Rb2 {[%clk 0:15:56]} 31. a5 {[%clk
0:31:28]} d2 {[%clk 0:15:55]} 32. a6 {[%clk 0:31:26]} c3 {[%clk 0:14:27]} 33.
f5 {[%clk 0:30:50]} c2 {[%clk 0:14:13]} 34. Rg1 {[%clk 0:31:11]} Bxg1 {[%clk
0:14:32]} 0-1

[Event "DVM U20 2017"]
[Site "Düsseldorf GER"]
[Date "2017.12.29"]
[Round "5"]
[White "Karlisch, Moritz"]
[Black "Schneider, Edward"]
[Result "1/2-1/2"]
[Termination "normal"]
[Board "1.6"]
[WhiteElo "1859"]
[BlackElo "1673"]
[WhiteClock "00:09:17"]
[BlackClock "00:06:23"]
[WhiteTeam "SK Doppelbauer Kiel"]
[BlackTeam "SF Sasbach"]
[PlyCount "54"]
[WhiteFideId "12964859"]
[BlackFideId "16200870"]
[EventCountry "GER"]
[EventRounds "7"]
[EventType "team-swiss"]
[EventDate "2017.12.26"]

1. d4 {[%clk 1:30:58]} d5 {[%clk 1:30:52]} 2. c4 {[%clk 1:31:25]} e6 {[%clk
1:31:11]} 3. Nc3 {[%clk 1:31:48]} c5 {[%clk 1:31:29]} 4. cxd5 {[%clk 1:32:09]}
cxd4 {[%clk 1:31:48]} 5. Qa4+ {[%clk 1:31:53]} Bd7 {[%clk 1:31:53]} 6. Qxd4
{[%clk 1:32:13]} exd5 {[%clk 1:32:05]} 7. Qxd5 {[%clk 1:31:51]} Nc6 {[%clk
1:32:08]} 8. Nf3 {[%clk 1:27:49]} Nf6 {[%clk 1:30:33]} 9. Qd3 {[%clk 1:23:58]}
Bc5 {[%clk 1:27:10]} 10. a3 {[%clk 1:12:03]} Qe7 {[%clk 1:18:53]} 11. e3 {[%clk
1:02:17]} O-O-O {[%clk 0:57:35]} 12. Be2 {[%clk 0:58:45]} Bh3 {[%clk 0:35:09]}
13. Qc2 {[%clk 0:47:08]} Bxg2 {[%clk 0:32:01]} 14. Rg1 {[%clk 0:45:06]} Bxf3
{[%clk 0:32:14]} 15. Qf5+ {[%clk 0:37:57]} Kb8 {[%clk 0:29:55]} 16. Qxf3 {[%clk
0:36:12]} Ne5 {[%clk 0:25:33]} 17. Qf5 {[%clk 0:34:12]} g6 {[%clk 0:20:04]} 18.
Qc2 {[%clk 0:33:31]} Bb6 {[%clk 0:17:59]} 19. Bd2 {[%clk 0:27:52]} Rc8 {[%clk
0:17:32]} 20. Rd1 {[%clk 0:26:01]} Rc7 {[%clk 0:13:17]} 21. Qb1 {[%clk
0:24:15]} Rd8 {[%clk 0:12:10]} 22. Nb5 {[%clk 0:21:53]} Rcd7 {[%clk 0:11:19]}
23. Bb4 {[%clk 0:11:56]} Rxd1+ 24. Bxd1 {[%clk 0:12:14]} Bc5 {[%clk 0:09:27]}
25. Bxc5 {[%clk 0:10:43]} Qxc5 {[%clk 0:09:39]} 26. Nd4 {[%clk 0:09:16]} Qa5+
{[%clk 0:07:24]} 27. Kf1 {[%clk 0:09:17]} Nc4 {[%clk 0:06:23]} 1/2-1/2

[Event "DVM U20 2017"]
[Site "Düsseldorf GER"]
[Date "2017.12.29"]
[Round "5"]
[White "Xu, Xianliang"]
[Black "Martin, Julian"]
[Result "1-0"]
[Termination "normal"]
[Board "2.1"]
[WhiteTitle "FM"]
[BlackTitle "FM"]
[WhiteElo "2401"]
[BlackElo "2429"]
[WhiteClock "00:08:15"]
[BlackClock "00:30:30"]
[WhiteTeam "SG Porz"]
[BlackTeam "OSG Baden-Baden"]
[PlyCount "60"]
[WhiteFideId "4603230"]
[BlackFideId "12941000"]
[EventCountry "GER"]
[EventRounds "7"]
[EventType "team-swiss"]
[EventDate "2017.12.26"]

1. e4 {[%clk 1:30:52]} c5 {[%clk 1:30:56]} 2. Nf3 {[%clk 1:31:13]} d6 {[%clk
1:30:50]} 3. c3 {[%clk 1:31:16]} Nf6 {[%clk 1:28:55]} 4. Be2 {[%clk 1:31:02]}
Nc6 {[%clk 1:26:39]} 5. d4 {[%clk 1:30:55]} cxd4 {[%clk 1:22:34]} 6. cxd4
{[%clk 1:29:06]} Nxe4 {[%clk 1:18:04]} 7. d5 {[%clk 1:27:16]} Qa5+ {[%clk
1:18:22]} 8. Nc3 {[%clk 1:27:29]} Nxc3 {[%clk 1:15:26]} 9. bxc3 {[%clk
1:27:53]} Nb8 {[%clk 1:14:54]} 10. O-O {[%clk 1:28:03]} Nd7 {[%clk 1:09:50]}
11. Be3 {[%clk 1:22:12]} Nf6 {[%clk 1:00:18]} 12. Qb3 {[%clk 1:14:29]} Qxd5
{[%clk 0:49:37]} 13. Bb5+ {[%clk 1:06:44]} Bd7 {[%clk 0:49:05]} 14. Bxd7+
{[%clk 1:06:31]} Kxd7 {[%clk 0:49:20]} 15. c4 {[%clk 1:03:47]} Qc6 {[%clk
0:45:44]} 16. c5 {[%clk 1:04:08]} e6 {[%clk 0:40:44]} 17. Nd4 {[%clk 0:57:53]}
Qa6 {[%clk 0:38:45]} 18. cxd6 {[%clk 0:53:59]} Bxd6 {[%clk 0:34:04]} 19. Nb5
{[%clk 0:50:12]} Nd5 {[%clk 0:13:17]} 20. Rad1 {[%clk 0:42:26]} Rhd8 {[%clk
0:11:34]} 21. Rfe1 {[%clk 0:37:22]} Qc6 {[%clk 0:07:41]} 22. Bg5 {[%clk
0:29:58]} Re8 {[%clk 0:02:47]} 23. Nxd6 {[%clk 0:24:12]} Kxd6 {[%clk 0:02:39]}
24. Bh4 {[%clk 0:23:35]} Kd7 {[%clk 0:01:25]} 25. Rc1 {[%clk 0:19:39]} Qb6
{[%clk 0:01:51]} 26. Qa4+ {[%clk 0:17:48]} Kd6 {[%clk 0:02:17]} 27. Rcd1 {[%clk
0:17:16]} Qc6 {[%clk 0:00:56]} 28. Qf4+ {[%clk 0:16:13]} e5 {[%clk 0:00:32]}
29. Qxf7 {[%clk 0:16:31]} Re6 {[%clk 0:00:36]} 30. Qf3 {[%clk 0:08:15]} b5
{[%clk 0:30:30]} 1-0

[Event "DVM U20 2017"]
[Site "Düsseldorf GER"]
[Date "2017.12.29"]
[Round "5"]
[White "Heinemann, Josefine"]
[Black "Fieberg, Samuel"]
[Result "0-1"]
[Termination "normal"]
[Board "2.2"]
[WhiteTitle "WIM"]
[WhiteElo "2245"]
[BlackElo "2234"]
[WhiteClock "00:03:27"]
[BlackClock "00:35:45"]
[WhiteTeam "OSG Baden-Baden"]
[BlackTeam "SG Porz"]
[PlyCount "72"]
[WhiteFideId "12900460"]
[BlackFideId "12901717"]
[EventCountry "GER"]
[EventRounds "7"]
[EventType "team-swiss"]
[EventDate "2017.12.26"]

1. e4 {[%clk 1:30:57]} c5 {[%clk 1:30:57]} 2. Nf3 {[%clk 1:31:21]} Nc6 {[%clk
1:31:25]} 3. d4 {[%clk 1:31:46]} cxd4 {[%clk 1:31:52]} 4. Nxd4 {[%clk 1:32:11]}
Nf6 {[%clk 1:32:17]} 5. Nc3 {[%clk 1:32:33]} e5 {[%clk 1:32:44]} 6. Ndb5 {[%clk
1:32:54]} h6 {[%clk 1:33:12]} 7. Nd5 {[%clk 1:26:30]} Nxd5 {[%clk 1:33:29]} 8.
exd5 {[%clk 1:26:54]} a6 {[%clk 1:33:55]} 9. dxc6 {[%clk 1:17:07]} axb5 {[%clk
1:34:21]} 10. cxd7+ {[%clk 1:15:35]} Bxd7 {[%clk 1:34:44]} 11. Qd5 {[%clk
1:13:30]} Qc7 {[%clk 1:28:03]} 12. Bd2 {[%clk 1:10:25]} Bc5 {[%clk 1:22:33]}
13. Bd3 {[%clk 1:01:46]} O-O {[%clk 1:20:38]} 14. Qb3 {[%clk 0:59:41]} Be6
{[%clk 1:01:46]} 15. Qxb5 {[%clk 0:57:14]} Rfd8 {[%clk 1:01:53]} 16. Bb4 {[%clk
0:48:42]} Bd4 {[%clk 0:58:23]} 17. O-O {[%clk 0:43:06]} Rd5 {[%clk 0:57:56]}
18. Qc4 {[%clk 0:40:36]} Rc5 {[%clk 0:51:06]} 19. Bh7+ {[%clk 0:40:45]} Kxh7
{[%clk 0:51:24]} 20. Qd3+ {[%clk 0:41:11]} g6 {[%clk 0:51:20]} 21. Bxc5 {[%clk
0:41:32]} Bxc5 {[%clk 0:51:43]} 22. Qf3 {[%clk 0:34:35]} Ra4 {[%clk 0:49:22]}
23. b3 {[%clk 0:31:14]} Rf4 {[%clk 0:48:08]} 24. Qe2 {[%clk 0:29:07]} Qc6
{[%clk 0:46:53]} 25. Kh1 {[%clk 0:23:20]} e4 {[%clk 0:44:41]} 26. Qd2 {[%clk
0:17:25]} Rh4 {[%clk 0:42:05]} 27. Qd8 {[%clk 0:14:46]} Rg4 {[%clk 0:35:37]}
28. Rad1 {[%clk 0:09:24]} e3 {[%clk 0:35:17]} 29. f3 {[%clk 0:09:35]} e2 {[%clk
0:34:35]} 30. fxg4 {[%clk 0:07:11]} exf1=Q+ {[%clk 0:35:00]} 31. Rxf1 {[%clk
0:07:34]} Bd5 {[%clk 0:35:27]} 32. Rg1 {[%clk 0:06:39]} Bxg1 {[%clk 0:35:43]}
33. Kxg1 {[%clk 0:07:04]} Qc5+ {[%clk 0:34:43]} 34. Kf1 {[%clk 0:07:06]} Qd4
{[%clk 0:35:04]} 35. Ke1 {[%clk 0:04:29]} Qe3+ {[%clk 0:35:28]} 36. Kd1 {[%clk
0:03:27]} Bxg2 {[%clk 0:35:45]} 0-1

[Event "DVM U20 2017"]
[Site "Düsseldorf GER"]
[Date "2017.12.29"]
[Round "5"]
[White "Bunyatov, Rustam"]
[Black "Becker, Dirk"]
[Result "0-1"]
[Termination "normal"]
[Board "2.3"]
[WhiteTitle "FM"]
[WhiteElo "2166"]
[BlackElo "2258"]
[WhiteClock "00:22:38"]
[BlackClock "00:20:40"]
[WhiteTeam "SG Porz"]
[BlackTeam "OSG Baden-Baden"]
[PlyCount "88"]
[WhiteFideId "13410210"]
[BlackFideId "12938564"]
[EventCountry "GER"]
[EventRounds "7"]
[EventType "team-swiss"]
[EventDate "2017.12.26"]

1. e4 {[%clk 1:30:57]} e5 {[%clk 1:30:02]} 2. Nf3 {[%clk 1:31:21]} Nc6 {[%clk
1:29:35]} 3. Bc4 {[%clk 1:31:45]} Bc5 {[%clk 1:29:01]} 4. c3 {[%clk 1:32:09]}
Nf6 {[%clk 1:28:28]} 5. d3 O-O {[%clk 1:27:52]} 6. O-O {[%clk 1:32:39]} d5
{[%clk 1:27:13]} 7. exd5 {[%clk 1:23:07]} Nxd5 {[%clk 1:26:49]} 8. b4 {[%clk
1:19:22]} Be7 {[%clk 1:22:28]} 9. b5 {[%clk 1:14:57]} Na5 {[%clk 1:22:04]} 10.
Bxd5 {[%clk 1:11:55]} Qxd5 {[%clk 1:20:07]} 11. c4 {[%clk 1:12:20]} Qd8 {[%clk
1:05:28]} 12. Bd2 {[%clk 1:07:17]} e4 {[%clk 1:02:18]} 13. Bxa5 {[%clk
1:04:54]} exf3 {[%clk 1:02:33]} 14. Qxf3 {[%clk 1:04:02]} a6 {[%clk 1:01:51]}
15. bxa6 {[%clk 1:01:48]} Rxa6 {[%clk 1:02:06]} 16. Bc3 {[%clk 1:02:12]} Rg6
{[%clk 0:59:53]} 17. d4 {[%clk 0:55:07]} c6 {[%clk 0:51:11]} 18. Nd2 {[%clk
0:53:21]} b5 {[%clk 0:44:43]} 19. Rfe1 {[%clk 0:47:58]} Be6 {[%clk 0:35:29]}
20. Qe2 {[%clk 0:45:35]} Bd6 {[%clk 0:32:00]} 21. g3 {[%clk 0:40:20]} Qc8
{[%clk 0:21:00]} 22. Rac1 {[%clk 0:37:06]} Bg4 {[%clk 0:10:13]} 23. Qd3 {[%clk
0:33:14]} Qa8 {[%clk 0:07:54]} 24. cxb5 {[%clk 0:31:00]} cxb5 {[%clk 0:08:16]}
25. Qxb5 {[%clk 0:30:27]} h5 {[%clk 0:07:03]} 26. d5 {[%clk 0:24:11]} h4 {[%clk
0:06:09]} 27. Be5 {[%clk 0:21:50]} hxg3 {[%clk 0:05:46]} 28. hxg3 {[%clk
0:21:20]} Rd8 {[%clk 0:03:07]} 29. a4 {[%clk 0:14:49]} Bf8 {[%clk 0:02:55]} 30.
Bf4 {[%clk 0:12:13]} Rxd5 {[%clk 0:02:13]} 31. Re8 {[%clk 0:12:09]} Rd8 {[%clk
0:02:02]} 32. Rce1 {[%clk 0:10:43]} Be6 {[%clk 0:02:12]} 33. Rxd8 {[%clk
0:10:54]} Qxd8 {[%clk 0:02:41]} 34. Qh5 {[%clk 0:09:39]} Bg4 {[%clk 0:01:49]}
35. Qh1 {[%clk 0:08:48]} Bd6 {[%clk 0:01:35]} 36. Be3 {[%clk 0:01:22]} Bb4
{[%clk 0:01:16]} 37. Rb1 {[%clk 0:01:06]} Bd6 {[%clk 0:00:32]} 38. Nc4 {[%clk
0:00:59]} Bc7 {[%clk 0:00:46]} 39. Qe4 {[%clk 0:00:34]} Be6 {[%clk 0:00:54]}
40. Bb6 {[%clk 0:00:33]} Bxb6 {[%clk 0:00:40]} 41. Nxb6 {[%clk 0:29:23]} Ba2
{[%clk 0:26:03]} 42. Ra1 {[%clk 0:22:02]} Rxb6 {[%clk 0:22:26]} 43. Rxa2 {[%clk
0:22:14]} Qd1+ {[%clk 0:21:50]} 44. Kg2 {[%clk 0:22:38]} Rb1 {[%clk 0:20:40]}
0-1

[Event "DVM U20 2017"]
[Site "Düsseldorf GER"]
[Date "2017.12.29"]
[Round "5"]
[White "Weis, Olga"]
[Black "Ramien, David"]
[Result "0-1"]
[Termination "normal"]
[Board "2.4"]
[WhiteElo "1971"]
[BlackElo "2160"]
[WhiteClock "00:09:31"]
[BlackClock "00:11:39"]
[WhiteTeam "OSG Baden-Baden"]
[BlackTeam "SG Porz"]
[PlyCount "56"]
[WhiteFideId "1270234"]
[BlackFideId "12948241"]
[EventCountry "GER"]
[EventRounds "7"]
[EventType "team-swiss"]
[EventDate "2017.12.26"]

1. d4 {[%clk 1:30:58]} Nf6 {[%clk 1:30:56]} 2. c4 {[%clk 1:31:02]} g6 {[%clk
1:31:22]} 3. Nf3 {[%clk 1:30:59]} Bg7 {[%clk 1:31:47]} 4. e3 {[%clk 1:30:50]}
O-O {[%clk 1:32:11]} 5. Be2 {[%clk 1:30:55]} d6 {[%clk 1:32:37]} 6. O-O {[%clk
1:29:42]} Nbd7 {[%clk 1:32:29]} 7. Nc3 {[%clk 1:25:50]} e5 {[%clk 1:32:46]} 8.
Qc2 {[%clk 1:23:02]} Re8 {[%clk 1:32:27]} 9. Nd2 {[%clk 1:20:37]} exd4 {[%clk
1:22:43]} 10. exd4 {[%clk 1:20:21]} Nf8 {[%clk 1:22:58]} 11. Bf3 {[%clk
1:16:38]} Bf5 {[%clk 1:20:18]} 12. Qb3 {[%clk 1:10:22]} Rb8 {[%clk 1:17:52]}
13. Rd1 {[%clk 1:06:52]} Ne6 14. Nf1 {[%clk 1:00:13]} Ng4 {[%clk 0:39:31]} 15.
Ne2 {[%clk 0:47:19]} Ng5 {[%clk 0:38:09]} 16. Bxg5 {[%clk 0:42:19]} Qxg5 {[%clk
0:38:32]} 17. h3 {[%clk 0:42:34]} h5 {[%clk 0:35:56]} 18. Nfg3 {[%clk 0:39:05]}
Nh6 {[%clk 0:35:47]} 19. Nc3 {[%clk 0:35:18]} Qh4 {[%clk 0:25:19]} 20. Nb5
{[%clk 0:30:05]} Qe7 {[%clk 0:20:53]} 21. Nxa7 {[%clk 0:22:40]} c6 {[%clk
0:20:14]} 22. Re1 {[%clk 0:19:27]} Qc7 {[%clk 0:14:41]} 23. d5 {[%clk 0:16:09]}
Rxe1+ {[%clk 0:13:48]} 24. Rxe1 {[%clk 0:16:35]} Bd4 {[%clk 0:13:34]} 25. Qa3
{[%clk 0:10:57]} Qb6 {[%clk 0:13:17]} 26. dxc6 {[%clk 0:10:10]} Bxf2+ {[%clk
0:12:58]} 27. Kh1 {[%clk 0:09:35]} Bxe1 {[%clk 0:11:31]} 28. Qxd6 {[%clk
0:09:31]} Bxg3 {[%clk 0:11:39]} 0-1

[Event "DVM U20 2017"]
[Site "Düsseldorf GER"]
[Date "2017.12.29"]
[Round "5"]
[White "Sewald, Kathrin"]
[Black "Jurga, Jonas Vincent"]
[Result "1/2-1/2"]
[Termination "normal"]
[Board "2.5"]
[WhiteElo "1890"]
[BlackElo "1898"]
[WhiteClock "00:27:22"]
[BlackClock "00:41:56"]
[WhiteTeam "SG Porz"]
[BlackTeam "OSG Baden-Baden"]
[PlyCount "106"]
[WhiteFideId "12964557"]
[BlackFideId "12968013"]
[EventCountry "GER"]
[EventRounds "7"]
[EventType "team-swiss"]
[EventDate "2017.12.26"]

1. e4 {[%clk 1:30:59]} c5 {[%clk 1:30:54]} 2. d3 {[%clk 1:31:25]} g6 {[%clk
1:31:13]} 3. Be3 {[%clk 1:30:21]} d6 {[%clk 1:31:09]} 4. Nd2 {[%clk 1:30:01]}
Bg7 {[%clk 1:31:28]} 5. c3 {[%clk 1:30:24]} Nc6 {[%clk 1:31:40]} 6. g3 {[%clk
1:27:56]} e6 {[%clk 1:31:58]} 7. f4 {[%clk 1:26:58]} Nge7 {[%clk 1:32:20]} 8.
Bg2 {[%clk 1:25:53]} Rb8 {[%clk 1:32:04]} 9. Ngf3 {[%clk 1:25:27]} b5 {[%clk
1:29:46]} 10. O-O {[%clk 1:23:48]} O-O {[%clk 1:29:16]} 11. Re1 {[%clk
1:15:52]} b4 {[%clk 1:24:38]} 12. d4 {[%clk 1:12:31]} h6 {[%clk 1:15:02]} 13.
Rc1 {[%clk 1:06:29]} bxc3 {[%clk 1:04:00]} 14. bxc3 {[%clk 1:06:39]} cxd4
{[%clk 1:04:18]} 15. Nxd4 {[%clk 1:02:35]} e5 {[%clk 0:57:18]} 16. Nxc6 {[%clk
0:59:42]} Nxc6 {[%clk 0:57:39]} 17. Nc4 {[%clk 0:59:25]} Be6 {[%clk 0:56:21]}
18. Nxd6 {[%clk 0:58:56]} Bxa2 {[%clk 0:55:58]} 19. Qa4 {[%clk 0:57:07]} Qxd6
{[%clk 0:53:59]} 20. Qxa2 {[%clk 0:57:19]} Rfd8 {[%clk 0:53:12]} 21. Bf1 {[%clk
0:53:56]} Rb7 {[%clk 0:44:55]} 22. Bc4 {[%clk 0:50:18]} Qe7 {[%clk 0:26:43]}
23. Bd5 {[%clk 0:49:16]} Rc7 {[%clk 0:26:09]} 24. Qa4 {[%clk 0:47:56]} exf4
{[%clk 0:23:37]} 25. gxf4 {[%clk 0:45:39]} Qd7 {[%clk 0:23:34]} 26. Qa2 {[%clk
0:40:28]} Qg4+ {[%clk 0:23:22]} 27. Qg2 {[%clk 0:39:57]} Qxg2+ {[%clk 0:22:45]}
28. Kxg2 {[%clk 0:40:23]} Ne7 {[%clk 0:23:01]} 29. c4 {[%clk 0:39:38]} Bb2
{[%clk 0:19:09]} 30. Rc2 {[%clk 0:38:45]} Ba3 {[%clk 0:18:16]} 31. Ra2 {[%clk
0:37:15]} Nxd5 {[%clk 0:18:11]} 32. cxd5 {[%clk 0:37:29]} Rc3 {[%clk 0:18:04]}
33. Bxa7 {[%clk 0:35:01]} f5 {[%clk 0:17:20]} 34. Re3 {[%clk 0:30:11]} Bb4
{[%clk 0:14:41]} 35. Rxc3 {[%clk 0:29:18]} Bxc3 {[%clk 0:14:25]} 36. Kf3 Ra8
{[%clk 0:12:28]} 37. d6 {[%clk 0:20:38]} Bd4 {[%clk 0:12:22]} 38. d7 {[%clk
0:20:14]} Bxa7 {[%clk 0:12:41]} 39. Rxa7 {[%clk 0:20:25]} Rd8 {[%clk 0:13:07]}
40. exf5 {[%clk 0:17:55]} gxf5 {[%clk 0:13:29]} 41. Ke3 {[%clk 0:15:48]} Kf7
{[%clk 0:13:39]} 42. Kd4 {[%clk 0:16:07]} Ke6 {[%clk 0:13:37]} 43. Kc5 {[%clk
0:15:19]} h5 {[%clk 0:13:35]} 44. h4 {[%clk 0:14:54]} Rg8 {[%clk 0:12:43]} 45.
Kc6 {[%clk 0:13:20]} Rd8 {[%clk 0:13:00]} 46. Rb7 {[%clk 0:11:49]} Ra8 {[%clk
0:12:39]} 47. Kc7 {[%clk 0:10:34]} Ke7 {[%clk 0:12:59]} 48. Rb3 {[%clk
0:06:32]} Ra7+ {[%clk 0:12:55]} 49. Kc8 {[%clk 0:06:29]} Ra8+ {[%clk 0:13:08]}
50. Kb7 {[%clk 0:06:22]} Ra4 {[%clk 0:13:25]} 51. Kc6 {[%clk 0:28:21]} Rc4+
{[%clk 0:43:15]} 52. Kd5 {[%clk 0:27:44]} Rxf4 {[%clk 0:42:40]} 53. Ke5 {[%clk
0:27:22]} Rxh4 {[%clk 0:41:56]} 1/2-1/2

[Event "DVM U20 2017"]
[Site "Düsseldorf GER"]
[Date "2017.12.29"]
[Round "5"]
[White "Visvikis, Christos"]
[Black "Niesel, Tobias"]
[Result "1-0"]
[Termination "normal"]
[Board "2.6"]
[WhiteElo "1882"]
[BlackElo "1942"]
[WhiteClock "01:26:28"]
[BlackClock "00:52:20"]
[WhiteTeam "OSG Baden-Baden"]
[BlackTeam "SG Porz"]
[PlyCount "67"]
[WhiteFideId "12967955"]
[BlackFideId "12962155"]
[EventCountry "GER"]
[EventRounds "7"]
[EventType "team-swiss"]
[EventDate "2017.12.26"]

1. e4 {[%clk 1:30:59]} Nf6 {[%clk 1:30:53]} 2. e5 {[%clk 1:31:22]} Nd5 {[%clk
1:31:18]} 3. d4 {[%clk 1:31:41]} d6 {[%clk 1:31:42]} 4. c4 {[%clk 1:32:06]} Nb6
{[%clk 1:32:09]} 5. exd6 {[%clk 1:32:31]} exd6 {[%clk 1:32:37]} 6. Nc3 {[%clk
1:32:42]} Nc6 {[%clk 1:32:54]} 7. Be3 {[%clk 1:33:00]} Be7 {[%clk 1:33:16]} 8.
h3 {[%clk 1:31:12]} O-O {[%clk 1:33:11]} 9. Nf3 {[%clk 1:31:36]} Re8 {[%clk
1:33:07]} 10. Be2 {[%clk 1:30:47]} Bf5 {[%clk 1:28:09]} 11. d5 {[%clk 1:29:00]}
Nb8 {[%clk 1:21:47]} 12. Nd4 {[%clk 1:29:19]} Bd7 {[%clk 1:21:13]} 13. O-O
{[%clk 1:29:15]} c5 {[%clk 1:20:50]} 14. dxc6 {[%clk 1:29:07]} Nxc6 {[%clk
1:21:11]} 15. Ndb5 {[%clk 1:28:34]} Ne5 {[%clk 1:19:26]} 16. Bxb6 {[%clk
1:28:48]} Qxb6 {[%clk 1:19:46]} 17. Nd5 {[%clk 1:29:13]} Qc6 {[%clk 1:18:21]}
18. Nbc7 {[%clk 1:29:35]} Bf8 {[%clk 1:16:08]} 19. Nxa8 {[%clk 1:29:43]} Rxa8
{[%clk 1:16:32]} 20. Rc1 {[%clk 1:29:31]} Be6 {[%clk 1:13:11]} 21. f4 {[%clk
1:27:42]} Qc5+ {[%clk 1:10:42]} 22. Kh1 {[%clk 1:28:04]} Nc6 {[%clk 1:07:57]}
23. f5 {[%clk 1:28:16]} Bd7 {[%clk 1:08:18]} 24. f6 {[%clk 1:27:56]} g6 {[%clk
1:08:25]} 25. a3 {[%clk 1:27:26]} a5 {[%clk 1:08:44]} 26. Qd2 {[%clk 1:27:27]}
Re8 {[%clk 1:07:57]} 27. b4 {[%clk 1:27:13]} Qd4 {[%clk 1:02:34]} 28. Qxd4
{[%clk 1:27:21]} Nxd4 {[%clk 1:03:00]} 29. Bf3 {[%clk 1:27:11]} Nb3 {[%clk
0:59:38]} 30. Rcd1 {[%clk 1:27:04]} Rb8 {[%clk 0:52:22]} 31. Rd3 {[%clk
1:26:57]} a4 {[%clk 0:52:33]} 32. Ne7+ {[%clk 1:25:44]} Kh8 {[%clk 0:52:25]}
33. Rxd6 {[%clk 1:26:04]} Be6 {[%clk 0:52:20]} 34. Rfd1 {[%clk 1:26:28]} 1-0

[Event "DVM U20 2017"]
[Site "Düsseldorf GER"]
[Date "2017.12.29"]
[Round "5"]
[White "Zähringer, Daniel"]
[Black "Kollars, Dmitrij"]
[Result "0-1"]
[Termination "normal"]
[Board "3.1"]
[BlackTitle "GM"]
[WhiteElo "2042"]
[BlackElo "2501"]
[WhiteClock "00:30:41"]
[BlackClock "00:38:48"]
[WhiteTeam "SK König Plauen"]
[BlackTeam "Hamburger SK"]
[PlyCount "57"]
[WhiteFideId "12970280"]
[BlackFideId "12909572"]
[EventCountry "GER"]
[EventRounds "7"]
[EventType "team-swiss"]
[EventDate "2017.12.26"]

1. d4 {[%clk 1:30:58]} d5 {[%clk 1:30:43]} 2. c4 {[%clk 1:31:22]} e6 {[%clk
1:30:52]} 3. Nc3 {[%clk 1:31:46]} Bb4 {[%clk 1:30:28]} 4. cxd5 {[%clk 1:28:10]}
exd5 {[%clk 1:30:49]} 5. Qb3 {[%clk 1:25:40]} c5 {[%clk 1:29:51]} 6. dxc5
{[%clk 1:21:06]} Nc6 {[%clk 1:29:56]} 7. e3 {[%clk 1:18:24]} Nf6 {[%clk
1:22:21]} 8. Nf3 {[%clk 1:14:56]} O-O {[%clk 1:19:41]} 9. Be2 {[%clk 1:14:44]}
Ne4 {[%clk 1:17:05]} 10. O-O {[%clk 1:14:27]} Be6 {[%clk 1:14:31]} 11. Qc2
{[%clk 1:06:45]} Nxc3 {[%clk 1:12:59]} 12. bxc3 {[%clk 1:07:04]} Bxc5 {[%clk
1:13:25]} 13. Nd4 {[%clk 1:03:44]} Rc8 {[%clk 1:11:12]} 14. Nxe6 {[%clk
0:54:17]} fxe6 {[%clk 1:11:36]} 15. Bg4 {[%clk 0:50:09]} Qe7 {[%clk 1:06:43]}
16. e4 {[%clk 0:46:23]} Ne5 {[%clk 1:03:34]} 17. Qe2 {[%clk 0:45:10]} d4 {[%clk
1:01:48]} 18. cxd4 {[%clk 0:43:55]} Bxd4 {[%clk 1:02:11]} 19. Rb1 {[%clk
0:44:11]} Nxg4 {[%clk 0:51:54]} 20. Qxg4 {[%clk 0:44:34]} Rc2 {[%clk 0:50:45]}
21. Be3 {[%clk 0:35:55]} Bxe3 {[%clk 0:45:04]} 22. fxe3 {[%clk 0:36:19]} Rxf1+
{[%clk 0:44:44]} 23. Rxf1 {[%clk 0:36:35]} Rxa2 {[%clk 0:42:09]} 24. Qf4 {[%clk
0:36:46]} h6 {[%clk 0:40:14]} 25. Qe5 {[%clk 0:36:46]} Kh7 {[%clk 0:38:41]} 26.
Qd4 {[%clk 0:30:59]} Qg5 {[%clk 0:38:28]} 27. Rf2 {[%clk 0:30:16]} Rxf2 {[%clk
0:38:48]} 28. Kxf2 {[%clk 0:30:41]} Qf6+ {[%clk 0:38:48]} 29. Ke1 0-1